| 000 | 00799cam a2200241 a 4500 | ||
|---|---|---|---|
| 001 | 000007174 | ||
| 005 | 20200929154103.0 | ||
| 008 | 880926s1987 sp a b 001 0 spa c | ||
| 020 | _a8475172148 | ||
| 040 |
_aDO-SdBNP _cMH _dDLC |
||
| 082 |
_a864.64 _bA335s |
||
| 100 | 1 |
_aAlbiac, Gabriel, _d1950- _919921 |
|
| 245 | 1 | 3 |
_aLa sinagoga vacía : _bun estudio de las fuentes marranas del espinosismo / _cGabriel Albiac. |
| 260 |
_aMadrid : _bHiperión, _cc1987. |
||
| 300 |
_a567 p. : _bil. ; _c24 cm. |
||
| 490 | 1 |
_aLibros Hiperión _v100 |
|
| 504 | _aBibliografía: p. [535]-555. | ||
| 500 | _aIncluye índice. | ||
| 650 | 4 |
_aEnsayos españoles _93095 |
|
| 650 | 4 |
_aLiteratura españolamarranos _ySIGLO XX _919922 |
|
| 830 | 0 |
_aLibros Hiperión ; _v100 _919923 |
|
| 910 | _aCatalogación por copia / LC | ||
| 999 |
_c6955 _d6955 |
||